Music Quiz

Random Music or Rock Quiz

Musical Multiple Choice: Grunge Bands Quiz Stats

 Plays Quiz Updated May 5, 2018

Score 0/20 Timer 05:00
0 Plays Today
Question Answer Wrong Answers
Smells Like Teen Spirit Nirvana
91.7%
Alice in Chains
0.9%
Pearl Jam
0.2%
Soundgarden
0.2%
Come as You Are Nirvana
89%
Alice in Chains
1.8%
Pearl Jam
1.1%
Soundgarden
0.6%
Black Hole Sun Soundgarden
85.9%
Alice in Chains
2.3%
Nirvana
1.7%
Pearl Jam
2.1%
Heart-Shaped Box Nirvana
85.1%
Alice in Chains
3.9%
Pearl Jam
1.8%
Soundgarden
1.3%
Jeremy Pearl Jam
85%
Alice in Chains
3.1%
Nirvana
1.7%
Soundgarden
2.1%
Even Flow Pearl Jam
80.8%
Alice in Chains
4.5%
Nirvana
2.5%
Soundgarden
3.6%
All Apologies Nirvana
80.8%
Alice in Chains
5%
Pearl Jam
2.9%
Soundgarden
3.1%
About a Girl Nirvana
76.7%
Alice in Chains
5.1%
Pearl Jam
6%
Soundgarden
3.8%
Rooster Alice in Chains
76.5%
Nirvana
2.7%
Pearl Jam
5.9%
Soundgarden
6.5%
Better Man Pearl Jam
76%
Alice in Chains
7%
Nirvana
2.4%
Soundgarden
6.1%
Daughter Pearl Jam
76%
Alice in Chains
7.6%
Nirvana
3.2%
Soundgarden
4.9%
Man in the Box Alice in Chains
74.6%
Nirvana
7.2%
Pearl Jam
4.5%
Soundgarden
5.5%
Them Bones Alice in Chains
74.2%
Nirvana
2.5%
Pearl Jam
5.5%
Soundgarden
9.3%
Spoonman Soundgarden
72.6%
Alice in Chains
11.2%
Nirvana
2.1%
Pearl Jam
5.7%
Fell on Black Days Soundgarden
71.9%
Alice in Chains
11.3%
Nirvana
2.3%
Pearl Jam
5.6%
Heaven Beside You Alice in Chains
62.4%
Nirvana
4.6%
Pearl Jam
9.3%
Soundgarden
15.2%
No Excuses Alice in Chains
60.8%
Nirvana
10.1%
Pearl Jam
10.5%
Soundgarden
9.9%
Burden in My Hand Soundgarden
57%
Alice in Chains
21.7%
Nirvana
3.7%
Pearl Jam
8.3%
Pretty Noose Soundgarden
52%
Alice in Chains
24.4%
Nirvana
8%
Pearl Jam
6.7%
Given to Fly Pearl Jam
50.2%
Alice in Chains
18.8%
Nirvana
4.7%
Soundgarden
17.4%

You're not logged in!

Compare scores with friends on all Sporcle quizzes.
OR
Log In

Sporcle TV

Today on Sporcle TV


Watch our educational content, quiz creation guides, and fun videos on Sporcle TV.

Show Comments

Extras

Top Quizzes Today


Score Distribution

Your Account Isn't Verified!

In order to create a playlist on Sporcle, you need to verify the email address you used during registration. Go to your Sporcle Settings to finish the process.

Report this User

Report this user for behavior that violates our Community Guidelines.

Details: